| 000 | 00402cam a22001337a 4500 | ||
|---|---|---|---|
| 008 | 180718b1980 xxu||||| |||| 00| 0 eng d | ||
| 082 | _aAPPPA 79-80 KAN | ||
| 100 | _aKannan, S. | ||
| 245 |
_aPolitical change & bureaucratic change _cby S. Kannan |
||
| 260 |
_aNew Delhi _bIndian Institute of Public Administration _c1980 |
||
| 300 | _a91p. | ||
| 650 | _aBureaucratic change | ||
| 650 | _aPolitical change | ||
| 999 |
_c501187 _d501187 |
||